UGC CSIR NET/SET (JRF & LS) junior research fellowship & lectureship : (Record no. 75686)

MARC details
000 -LEADER
fixed length control field 00977nam a22002657a 4500
005 - DATE AND TIME OF LATEST TRANSACTION
control field 20130522153347.0
008 - FIXED-LENGTH DATA ELEMENTS--GENERAL INFORMATION
fixed length control field 090617t xxu||||| |||| 00| 0 eng d
010 ## - LCCN (DPL NO)
LC control number B-515148-149
020 ## - INTERNATIONAL STANDARD BOOK NUMBER
International Standard Book Number 9789350750452
Terms of availability 775.00
035 ## - SYSTEM CONTROL NUMBER
System control number B-515148-149
037 ## - SOURCE OF ACQUISITION
Stock number KKP/Ven
040 ## - CATALOGING SOURCE
Original cataloging agency dpl
Language of cataloging English
082 ## - DEWEY DECIMAL CLASSIFICATION NUMBER
Classification number 540
100 ## - MAIN ENTRY--PERSONAL NAME
Personal name Gupta, Preeti
245 ## - TITLE STATEMENT
Title UGC CSIR NET/SET (JRF & LS) junior research fellowship & lectureship :
Remainder of title Chemical Sciences
Statement of responsibility, etc Preeti Gupta,Aditya Tomar [Naveen Sharma]
246 ## - VARYING FORM OF TITLE
Title proper/short title UGC CSIR NET/SET
260 ## - PUBLICATION, DISTRIBUTION, ETC. (IMPRINT)
Place of publication, distribution, etc Meerut
Name of publisher, distributor, etc Arihant Publications
Date of publication, distribution, etc 201?
270 ## - ADDRESS
Address Kalindi, TP Nagar,
City Meerut
300 ## - PHYSICAL DESCRIPTION
Extent 1434p.
Dimensions 30cm(pbk)
490 ## - SERIES STATEMENT
Series statement Leading edge resources 2009-10
700 ## - ADDED ENTRY--PERSONAL NAME
Dates associated with a name Tomar, Aditya
700 ## - ADDED ENTRY--PERSONAL NAME
Dates associated with a name Sharma, Naveen
942 ## - ADDED ENTRY ELEMENTS (KOHA)
Source of classification or shelving scheme Dewey Decimal Classification
Item type English Books
Classification part 540
Call number suffix GUP
Holdings
Withdrawn status Lost status Source of classification or shelving scheme Damaged status Not for loan Collection code Home library Current library Date acquired Source of acquisition Cost, normal purchase price Total Checkouts Total Renewals Full call number Barcode Date last seen Copy number Cost, replacement price Koha item type
    Dewey Decimal Classification     Non-fiction Sarojini Nagar Sarojini Nagar 22/05/2013 KKP/BL3031/23.3.13/172/23.3.13/25.3.13 775.00 3 2 540 GUP B-515148 21/12/2018 1 775.00 English Books
    Dewey Decimal Classification   Not For Loan Reference South Zone Lib (REF) South Zone Lib (REF) 22/05/2013 KKP/BL3031/23.3.13/172/23.3.13/25.3.13 775.00     540 GUP B-515149 22/05/2013 1 775.00 English Books

© Delhi Public Library
Hit Counter
free hit counter